| 000 | 00540nam a2200157Ia 4500 | ||
|---|---|---|---|
| 008 | 230907s9999||||xx |||||||||||||| ||und|| | ||
| 082 |
_a621.3 _bISH |
||
| 100 |
_aMuhammad Ishaq Khan(00000171533) _9116438 |
||
| 245 | 0 | _aEnergy and Exergy Analysis of Automotive Vehicles in Pakistan-Evaluation of Waste Heat Recovery Potential to Drive Parasitic Loads / | |
| 260 |
_aUSPCAS-E, NUST, _bIslamabad : _c2019 |
||
| 300 | _a76 p. | ||
| 520 | _aTH-140 | ||
| 650 | _aMS-TEE Thesis MS Thesis | ||
| 700 | _aDr. Adeel Javed | ||
| 942 |
_cTHE _2ddc |
||
| 999 |
_c601819 _d601819 |
||